000 002500000a22000970004500
100 1 _aCurtis, Tim
245 1 0 _aEl valor de la alfabetización para los énxet
300 _aVol.0, núm.62 (Mayo, 2005), Página 13
773 0 _tPaso a paso
942 _cANA
999 _c60532
_d60532